2012 Election Night - Statistics

General Stats
  • This quiz has been taken 27 times
  • The average score is 47 of 56
Answer Stats
Time Called EST Electoral Votes Answer % Correct
1:57 AM 3 Alaska
100%
9:02 PM 38 Texas
100%
11:00 PM 55 California
93%
Sat, Nov. 10 29 Florida
93%
7:05 PM 8 Kentucky
93%
9:02 PM 29 New York
93%
7:05 PM 3 Vermont
93%
8:46 PM 9 Alabama
87%
10:36 PM 11 Arizona
87%
8:00 PM 3 Delaware
87%
8:00 PM 3 District of Columbia
87%
8:28 PM 16 Georgia
87%
8:00 PM 20 Illinois
87%
7:56 PM 11 Indiana
87%
9:02 PM 16 Michigan
87%
9:13 PM 6 Mississippi
87%
10:04 PM 4 New Hampshire
87%
11:09 PM 5 New Mexico
87%
9:02 PM 3 North Dakota
87%
8:00 PM 7 Oklahoma
87%
9:48 PM 20 Pennsylvania
87%
9:02 PM 3 South Dakota
87%
7:30 PM 5 West Virginia
87%
9:02 PM 3 Wyoming
87%
9:10 PM 6 Arkansas
80%
11:46 PM 9 Colorado
80%
8:00 PM 7 Connecticut
80%
11:00 PM 4 Hawaii
80%
11:00 PM 4 Idaho
80%
11:19 PM 6 Iowa
80%
9:02 PM 6 Kansas
80%
9:02 PM 8 Louisiana
80%
8:00 PM 2 Maine
80%
8:00 PM 1 Maine-1
80%
10:28 PM 1 Maine-2
80%
8:00 PM 10 Maryland
80%
8:00 PM 11 Massachusetts
80%
11:09 PM 10 Missouri
80%
12:42 AM 3 Montana
80%
9:02 PM 2 Nebraska
80%
9:02 PM 1 Nebraska-1
80%
10:44 PM 1 Nebraska-2
80%
9:02 PM 1 Nebraska-3
80%
9:10 PM 14 New Jersey
80%
10:53 PM 15 North Carolina
80%
11:17 PM 18 Ohio
80%
11:29 PM 7 Oregon
80%
8:00 PM 4 Rhode Island
80%
7:55 PM 9 South Carolina
80%
8:21 PM 11 Tennessee
80%
10:00 PM 6 Utah
80%
Wed. 12:37 AM 13 Virginia
80%
11:00 PM 12 Washington
80%
11:47 PM 10 Wisconsin
80%
10:57 PM 10 Minnesota
73%
11:54 PM 6 Nevada
73%
No matching quizzes found
Score Distribution
Percent of People with Each Score
Percentile by Number Answered
Your Score History
You have not taken this quiz